Music Quiz

Random Music or Lyrics Quiz

'Mr. Brightside' Lyrics Quiz Stats

 Plays Quiz Updated Sep 4, 2017

Also try: 'Desperado' Lyrics
Challenge
Share
Tweet
Embed
Score 0/147 Timer 10:00
3 Plays Today
% Correct
I
98.9%
I
98.9%
I
98.9%
I
98.9%
I
98.9%
I
98.9%
I
98.9%
a
98.1%
a
98.2%
a
98.1%
a
98.1%
a
98.1%
a
98.1%
a
98.1%
and
95.2%
and
95.2%
and
95.1%
and
95.1%
And
95.1%
And
95.1%
And
95.1%
of
94.7%
it
94.6%
It
94.6%
it
94.6%
It
94.6%
it
94.6%
I'm
94.3%
I'm
94.3%
my
93.8%
my
93.8%
my
93.8%
my
93.8%
I'm
93.5%
just
93.4%
just
93.4%
just
93.4%
Brightside
92.6%
Mr.
92.6%
be
92.3%
go
92.2%
he
92%
out
91.4%
out
91.4%
me
90.8%
me
90.8%
me
90.8%
on
89.9%
Now
89.6%
% Correct
Now
89.6%
now
89.6%
now
89.6%
all
89.4%
all
89.4%
the
88.9%
fine
88.4%
it's
88.4%
it's
88.4%
in
88.4%
doing
87.7%
up
87.5%
up
87.5%
it's
87.4%
was
86.8%
was
86.8%
to
86.6%
'cause
86.2%
her
86.2%
she's
86.1%
she's
86.1%
she's
86.1%
taking
86.1%
taking
86.1%
is
86.1%
is
86.1%
kiss
85.9%
kiss
85.9%
kiss
85.9%
only
85.1%
only
85.1%
this?
85%
coming
84.7%
like
84.4%
how
84%
dress
83.9%
off
83.8%
want
83.6%
calling
83.4%
calling
83.4%
end
82.9%
cage
82.9%
did
82.8%
killing
82.6%
head
82.4%
can't
82.3%
Gotta
82.1%
gotta
82.1%
with
81.9%
% Correct
takes
81.8%
cab
81.6%
because
81.2%
started
80.9%
Let
80.1%
I've
79.1%
drag
78.9%
been
78.4%
but
78.3%
But
78.3%
control
78.2%
down
77.8%
he's
76.6%
Jealousy
76.5%
sick
76.4%
sick
76.4%
his
76.1%
look
75.5%
smoke
74.7%
stomach
74.5%
touching
73.3%
Chest
73.3%
eyes
72.9%
falling
72.6%
having
72.2%
asleep
71.6%
destiny
71.5%
Open
71.2%
into
71%
price
70.8%
your
70.6%
pay
70.2%
turning
70.1%
sea
70%
going
69.9%
eager
68.3%
bed
67.6%
choking
65%
never
62.5%
never
62.5%
never
62.5%
never
62.5%
While
62.2%
they're
61.7%
lullabies
58.7%
alibis
55%
saints
45.7%
through
42.1%
Swimming
27.9%

You're not logged in!

Compare scores with friends on all Sporcle quizzes.
OR
Log In

You Might Also Like...

Show Comments

Extras

Top Quizzes Today


Score Distribution

Your Account Isn't Verified!

In order to create a playlist on Sporcle, you need to verify the email address you used during registration. Go to your Sporcle Settings to finish the process.

Report this User

Report this user for behavior that violates our Community Guidelines.

Details: